000 00314nam a2200121Ia 4500
008 240624s9999 xx 000 0 und d
041 _aeng
082 _a658.827 VER
100 _aVERMA HARSH V
245 _aBRAND MANAGEMENT TEXT AND CASES
260 _c2009
_aNew Delhi
_bExcel Book
300 _a477 : p. : cm. ; 28
999 _c20045
_d20045